| 000 | 00513nam a22001817a 4500 | ||
|---|---|---|---|
| 005 | 20251112153413.0 | ||
| 008 | 251112b |||||||| |||| 00| 0 eng d | ||
| 020 | _a979-8-88715-026-0 | ||
| 050 |
_aSF 251 .A 38 2023 _b1 |
||
| 100 | _aAITKEN,TAYLOR | ||
| 245 | _aMILK TESTING : A LABORATORY CONTROL OF MILK. | ||
| 250 | _a1ST ED. | ||
| 260 |
_aDUBLIN,OH _bORYSON PRESS _c2023 |
||
| 300 | _aVI. 275P.:ILL. | ||
| 500 | _aINCLUDES INDEX | ||
| 650 | _aMILK - TESTING, MILK - QUALITY CONTROL | ||
| 942 |
_2lcc _cBK |
||
| 999 |
_c216174 _d216174 |
||